Technology transfer and sustainable development : (Record no. 6812)
[ view plain ]
| 000 -LEADER | |
|---|---|
| fixed length control field | 00667nam a22002172 4500 |
| 001 - CONTROL NUMBER | |
| control field | 0000005034 |
| 005 - DATE AND TIME OF LATEST TRANSACTION | |
| control field | 20151217151950.0 |
| 008 - FIXED-LENGTH DATA ELEMENTS--GENERAL INFORMATION | |
| fixed length control field | 070605s xx 000 0 eng d |
| 020 ## - INTERNATIONAL STANDARD BOOK NUMBER | |
| International Standard Book Number | 9966410503 : |
| 040 ## - CATALOGING SOURCE | |
| Original cataloging agency | KABU |
| Transcribing agency | KABU |
| 050 #0 - LIBRARY OF CONGRESS CALL NUMBER | |
| Classification number | T174.3 |
| Item number | .J86 |
| 100 1# - MAIN ENTRY--PERSONAL NAME | |
| Personal name | Juma, Calestous. |
| -- | 0000150310 |
| 245 10 - TITLE STATEMENT | |
| Title | Technology transfer and sustainable development : |
| Remainder of title | international policy issues / |
| Statement of responsibility, etc. | Calestous Juma, J. B. Ojwang. |
| 260 ## - PUBLICATION, DISTRIBUTION, ETC. (IMPRINT) | |
| Place of publication, distribution, etc. | Nairobi : |
| Name of publisher, distributor, etc. | Acts, |
| Date of publication, distribution, etc. | 1992. |
| 300 ## - PHYSICAL DESCRIPTION | |
| Extent | 40 p. |
| 650 #0 - SUBJECT ADDED ENTRY--TOPICAL TERM | |
| Topical term or geographic name as entry element | Technology transfer. |
| -- | 0000156090 |
| 700 1# - ADDED ENTRY--PERSONAL NAME | |
| Personal name | Ojwang, J. B. |
| -- | 0000150315 |
| 908 ## - PUT COMMAND PARAMETER (RLIN) | |
| Put command parameter | 070605 |
| 950 ## - LOCAL HOLDINGS (RLIN) | |
| -- | 1 |
| Withdrawn status | Lost status | Source of classification or shelving scheme | Not for loan | Home library | Current library | Date acquired | Total Checkouts | Full call number | Barcode | Date last seen | Price effective from | Koha item type |
|---|---|---|---|---|---|---|---|---|---|---|---|---|
| Library of Congress Classification | Kabarak, Main Campus | Kabarak, Main Campus | 17/12/2015 | T174.3 .J86 | 007175 | 17/12/2015 | 17/12/2015 | General Collection |